• 首页
  • 本馆介绍
  • 公告通知
  • 最新文献
  • 馆藏检索
  • 电子资源
  • 读者导购
  • 参考咨询
  • 我的图书馆
  • 登录
  • 详细信息显示
  • 放入我的书架
  • 预约/预借图书
  • 作者相关作品
  • 分类相关作品
  • 丛书相关作品
  • 出版社相关作品

书目信息

  • 表格格式
  • 工作单格式
  • 卡片格式
题名:
简明审计辞典
    
 
作者: ;山东省审计科学研究所 主编
分册:  
出版信息: 济南   山东人民出版社  1987
页数: 463页
开本: 19cm
丛书名:
单 册:
中图分类: F231.6-61
科图分类:
主题词: 会计检查--词典
电子资源:
ISBN: 7-209-00045-3
000 00641nam0 2200205 45
001 0187018211
005 20050404113039.2
010    @a7-209-00045-3@b精装@dCNY4.10
100    @a19951116d1987 em y0chiy0121 ea
101 0  @achi
102    @aCN@b370000
105    @ay z 000yy
200 10 @a简明审计辞典@Ajian ming shen ji ci dian@f山东省审计科学研究所主编@FShan Dong Sheng Shen Ji Ke Xue Yan Jiu Suo Zhu Bian
210    @a济南@c山东人民出版社@d1987
215    @a463页@d19cm
606 0  @a会计检查@x词典
690    @aF231.6-61@v3
711 02 @a山东省审计科学研究所@4主编
801  2 @aCN@bNLC@c20050404
905    @f2@b204175-176@dF231.6-61@e87
    
    简明审计辞典/山东省审计科学研究所主编.-济南:山东人民出版社,1987
    463页;19cm
    
    
    ISBN 7-209-00045-3(精装):CNY4.10
    
●
相关链接 在E读中查询图书 在五车中查询图书 在当当中查询图书 在豆瓣中查询图书


正题名:简明审计辞典     索取号:F231.6-61/87         预约/预借

序号 登录号 条形码 馆藏地/架位号 状态 备注
1 0204175   001571917   密集书库/ [索取号:F231.6-61/87] 在馆    
2 0204176   001571891   密集书库/ [索取号:F231.6-61/87] 在馆    
3 0204177   001571908   第一样本阅览室/ [索取号:F231.6-61/87] 在馆    
唐山师范学院图书馆 欢迎您!
大连网信软件有限公司© 版权所有